Исследование пород Пудинской площади поисков: Заключительный отчет о НИР; Тема: 5-52/81

Bibliografiske detaljer
Institution som forfatter: Томский политехнический институт (ТПИ) (595)
Andre forfattere: Гурина В. Н. (руководитель), Воронова Н. Ф. (исполнитель)
Sprog:russisk
Udgivet: Томск, 1983
Fag:
Format: MixedMaterials Bog
KOHA link:https://koha.lib.tpu.ru/cgi-bin/koha/opac-detail.pl?biblionumber=156729

MARC

LEADER 00000nbm0a2200000 4500
001 156729
005 20231031153356.0
029 0 0 |a SU  |b 01821018780  |f ТПУ 
035 |a (RuTPU)RU\TPU\book\169976 
090 |a 156729 
100 |a 20090330d1983 k y0rusy50 ca 
101 0 |a rus 
102 |a RU 
105 |a a p 001zy 
200 1 |a Исследование пород Пудинской площади поисков  |e Заключительный отчет о НИР  |e Тема: 5-52/81  |f Томский политехнический институт (ТПИ) ; руководитель В. Н. Гурина ; Н. Ф. Воронова 
210 |a Томск  |d 1983 
215 |a 110 л. 
320 |a Библиогр.: с. 110. 
610 1 |a отчеты о НИР 
610 1 |a зерновой состав 
610 1 |a химический состав 
610 1 |a пластичность 
610 1 |a сушка 
610 1 |a коэффициент чцвствительности 
610 1 |a водопоглощение 
610 1 |a вспучиваемость 
610 1 |a марка кирпичей 
610 1 |a огнеупорность 
610 1 |a спекаемость 
610 1 |a суглинки 
675 |a 553.61(04)  |v 3 
702 1 |a Гурина  |b В. Н.  |4 673 
702 1 |a Воронова  |b Н. Ф.  |4 677 
712 0 2 |a Томский политехнический институт (ТПИ)  |c (1944-1991)  |2 stltpush  |3 (RuTPU)RU\TPU\col\1123  |4 595 
801 1 |a RU  |b 63413507  |c 20090330  |g PSBO 
801 2 |a RU  |b 63413507  |c 20140120  |g RCR 
942 |c BK